عرض عادي
عرض مارك
- Psicoling©ơ©Ưstica
مدخل مصطلح موضوعي
001 - رقم الضبط
- حقل الضبط: 56737
003 - معرف رقم الضبط
- حقل الضبط: OSt
005 - تاريخ ووقت أخر عملية
- حقل الضبط: 20161124123917.0
008 - عناصر بيانات ثابتة الطول
- حقل تحكم ثابت الطول: 161124|| aca||aabn | a|a d
040 ## - مصدر الفهرسة
- هيئة الفهرسة الأصلية: OSt
- وكالة الكتابة: OSt
150 ## - مدخل-- مصطلح تاريخي
- عنصر مدخل المصطلح الموضوعي او الاسم الجغرافي: Psicoling©ơ©Ưstica
670 ## - بيانات المصدر موجوده
- الاستشهاد بالمصدر: Work cat.: (OSt)0: Communication strategies :
